[Event "Dortmund Sparkassen op-B"]
[Site "Dortmund"]
[Date "2010.07.22"]
[Round "6"]
[White "Kartsev, Nikolaj"]
[Black "Reale, Salvatore"]
[Result "1/2-1/2"]
[WhiteElo "886"]
[BlackElo "1237"]
[PlyCount "30"]
[EventDate "2010.07.17"]
[EventType "swiss"]
[EventRounds "9"]
[EventCountry "GER"]
[SourceTitle "EXT 2014"]
[Source "ChessBase"]
[SourceDate "2013.11.20"]
[SourceVersion "1"]
[SourceVersionDate "2013.11.20"]
[SourceQuality "1"]

1. e4 c5 2. c3 d5 3. f3 d4 4. Bc4 e5 5. d3 f5 6. f4 Bd6 7. fxe5 Bxe5 8. Nf3 Bf6 9. e5 Be7 10. 0-0 g5 11. Qa4+ Bd7 12. Bb5 Bxb5 13. Qxb5+ Qd7 14. Qxd7+ Nxd7 15. e6 Nb6 1/2-1/2

[Event "Dortmund Sparkassen op-B"]
[Site "Dortmund"]
[Date "2010.07.18"]
[Round "2"]
[White "Reale, Salvatore"]
[Black "Fistoul, Boris"]
[Result "0-1"]
[WhiteElo "1237"]
[BlackElo "1468"]
[PlyCount "36"]
[EventDate "2010.07.17"]
[EventType "swiss"]
[EventRounds "9"]
[EventCountry "GER"]
[SourceTitle "EXT 2014"]
[Source "ChessBase"]
[SourceDate "2013.11.20"]
[SourceVersion "1"]
[SourceVersionDate "2013.11.20"]
[SourceQuality "1"]

1. e4 e6 2. d4 b6 3. Nc3 Bb7 4. g3 Bb4 5. Nge2 Bxe4 6. Rg1 Nf6 7. Bg2 Bxg2 8. Rxg2 Ne4 9. Bd2 Nxc3 10. Nxc3 Nc6 11. a3 Bxc3 12. Bxc3 d5 13. Qg4 0-0 14. 0-0-0 b5 15. Qe2 Qb8 16. Qd2 a5 17. b3 b4 18. Bb2 a4 0-1

[Event "Dortmund Sparkassen op-B"]
[Site "Dortmund"]
[Date "2010.07.17"]
[Round "1"]
[White "Reale, Salvatore"]
[Black "Walter, Julian"]
[Result "0-1"]
[WhiteElo "1237"]
[BlackElo "1925"]
[PlyCount "66"]
[EventDate "2010.07.17"]
[EventType "swiss"]
[EventRounds "9"]
[EventCountry "GER"]
[SourceTitle "EXT 2014"]
[Source "ChessBase"]
[SourceDate "2013.11.20"]
[SourceVersion "1"]
[SourceVersionDate "2013.11.20"]
[SourceQuality "1"]

1. e4 c6 2. d4 d5 3. e5 Bf5 4. Nf3 e6 5. g3 c5 6. Bg2 Nc6 7. 0-0 cxd4 8. Nxd4 Nxd4 9. Qxd4 Bxc2 10. Nd2 Qc7 11. Nf3 Bc5 12. Qc3 Bg6 13. Be3 Bb6 14. Qxc7 Bxc7 15. Rac1 Ba5 16. Nd4 Ne7 17. Nb5 0-0 18. Nxa7 Bd3 19. Rfd1 Be2 20. Rd4 Bb6 21. Ra4 Bxe3 22. fxe3 Ba6 23. Nb5 Bxb5 24. Rxa8 Rxa8 25. Rc7 Nc6 26. Rxb7 Rb8 27. Rc7 Nxe5 28. Re7 g6 29. Bxd5 Ng4 30. Bf3 Nxe3 31. Kf2 Nf5 32. Rc7 Bd3 33. b3 Bb1 0-1